[Event "4NCL 2016-17"]
[Site "Reading ENG"]
[Date "2017.03.05"]
[Round "8.43"]
[White "Sarakauskas, Gediminas"]
[Black "Fressinet, Laurent"]
[Result "0-1"]
[WhiteTitle "IM"]
[BlackTitle "GM"]
[WhiteElo "2414"]
[BlackElo "2672"]
[WhiteTeam "Guildford"]
[BlackTeam "Guildford"]
[WhiteFideId "12800724"]
[BlackFideId "608742"]
[EventDate "2016.11.19"]

1. d4 Nf6 2. Nf3 g6 3. Bf4 Bg7 4. c3 d6 5. h3 O-O 6. e3 Nbd7 7. Be2 b6 8. O-O
Bb7 9. Nbd2 Ne4 10. Nxe4 Bxe4 11. Nd2 Bb7 12. Bf3 Qc8 13. Bxb7 Qxb7 14. Qf3 Rab8
15. Qxb7 Rxb7 16. Bg3 c5 17. a4 Rc8 18. Rfd1 cxd4 19. exd4 Nf6 20. Kf1 Nd5 21.
Re1 f5 22. f3 Bh6 23. Ke2 b5 24. axb5 Rxb5 25. Ra2 Rxc3 26. bxc3 Nxc3+ 27. Kd3
Nxa2 28. Rxe7 Nb4+ 29. Ke2 Nc6 30. Rc7 Nxd4+ 31. Kd3 Bxd2 32. Kxd4 f4 33. Bf2
Re5 34. Rxa7 Re2 35. Bh4 Be3+ 36. Kd3 Rd2+ 37. Kc3 Rxg2 0-1

[Event "4NCL 2016-17"]
[Site "Reading ENG"]
[Date "2017.03.05"]
[Round "8.44"]
[White "Edouard, Romain"]
[Black "Flear, Glenn C"]
[Result "1-0"]
[WhiteTitle "GM"]
[BlackTitle "GM"]
[WhiteElo "2628"]
[BlackElo "2430"]
[WhiteTeam "Guildford"]
[BlackTeam "Guildford"]
[WhiteFideId "633429"]
[BlackFideId "400165"]
[EventDate "2016.11.19"]

1. c4 e6 2. Nf3 d5 3. d4 Nf6 4. Bg5 h6 5. Bxf6 Qxf6 6. Nc3 c6 7. Qb3 a5 8. e3
Nd7 9. Bd3 Bd6 10. cxd5 exd5 11. O-O-O O-O 12. Kb1 Qe7 13. g4 Nf6 14. h3 b5 15.
Qc2 Ba6 16. g5 hxg5 17. Nxg5 b4 18. Na4 Bxd3 19. Qxd3 Ne4 20. Nxe4 dxe4 21. Qc2
Rac8 22. Nb6 Rc7 23. Rhg1 f5 24. Qa4 Qh4 25. Rg6 Bh2 26. Qc2 Qxh3 27. Rh1 f4 28.
Nd5 Qf5 29. Rxc6 Rd7 30. Rd6 fxe3 31. Qc4 Qxf2 32. Rxd7 1-0

[Event "4NCL 2016-17"]
[Site "Reading ENG"]
[Date "2017.03.05"]
[Round "8.45"]
[White "Kilpatrick, Callum"]
[Black "Le Roux, Jean-Pierre"]
[Result "1/2-1/2"]
[WhiteTitle "FM"]
[BlackTitle "GM"]
[WhiteElo "2352"]
[BlackElo "2549"]
[WhiteTeam "Guildford"]
[BlackTeam "Guildford"]
[WhiteFideId "414425"]
[BlackFideId "609404"]
[EventDate "2016.11.19"]

1. e4 e5 2. Nf3 Nc6 3. Nc3 Nf6 4. d4 exd4 5. Nxd4 Bb4 6. Nxc6 bxc6 7. Bd3 d5 8.
exd5 cxd5 9. O-O O-O 10. h3 c6 11. Qf3 h6 12. Bxh6 Bxc3 13. Bxg7 Be5 14. Bxf8
Qxf8 15. Rfe1 Bxb2 16. Rab1 Bc3 17. Bh7+ Kxh7 18. Qxc3 Qg7 19. Re3 Be6 20. Rg3
Qh6 21. Rb4 Ne4 22. Rxe4 dxe4 23. Qxc6 Rg8 24. Qxe4+ Rg6 25. a3 a6 26. Kh2 Kg7
27. Qe5+ Kh7 28. Qe4 Kg7 29. Qe5+ Kh7 1/2-1/2

[Event "4NCL 2016-17"]
[Site "Reading ENG"]
[Date "2017.03.05"]
[Round "8.46"]
[White "Hebden, Mark L"]
[Black "Wall, Gavin"]
[Result "1-0"]
[WhiteTitle "GM"]
[BlackTitle "IM"]
[WhiteElo "2491"]
[BlackElo "2349"]
[WhiteTeam "Guildford"]
[BlackTeam "Guildford"]
[WhiteFideId "400084"]
[BlackFideId "2501244"]
[EventDate "2016.11.19"]

1. e4 e5 2. Nf3 d6 3. d4 exd4 4. Nxd4 Nf6 5. Nc3 Be7 6. Bf4 O-O 7. Be2 Re8 8.
Qd2 Bf8 9. f3 a6 10. O-O-O b5 11. g4 b4 12. Nd5 Nxd5 13. exd5 a5 14. Rhe1 Bd7
15. Bc4 Be7 16. g5 c5 17. dxc6 Nxc6 18. Nb5 Rc8 19. Nxd6 Bxd6 20. Qxd6 Bf5 21.
Qxd8 Rexd8 22. Rxd8+ Rxd8 23. Bc7 Rc8 24. Ba6 Rf8 25. Rd1 f6 26. Rd6 Ne5 27.
gxf6 gxf6 28. f4 Ng4 29. Bxa5 Nxh2 30. Bxb4 Ng4 31. Rd5 Rb8 32. Bc3 Be6 33. Ra5
Kf7 34. Bd3 1-0

[Event "4NCL 2016-17"]
[Site "Reading ENG"]
[Date "2017.03.05"]
[Round "8.47"]
[White "Povah, Nigel E"]
[Black "Zhou, Yang-Fan"]
[Result "1/2-1/2"]
[WhiteTitle "IM"]
[BlackTitle "IM"]
[WhiteElo "2298"]
[BlackElo "2473"]
[WhiteTeam "Guildford"]
[BlackTeam "Guildford"]
[WhiteFideId "400467"]
[BlackFideId "468584"]
[EventDate "2016.11.19"]

1. d4 Nf6 2. Bg5 e6 3. e4 c5 4. d5 h6 5. Bxf6 Qxf6 6. Nc3 a6 7. Nf3 d6 8. e5
dxe5 9. Qe2 Nd7 10. O-O-O Be7 11. g3 Qg6 12. h4 h5 13. dxe6 Qxe6 14. Bh3 f5 15.
Nd5 O-O 16. Ng5 Bxg5+ 17. hxg5 g6 18. Nc7 Qxa2 19. Nxa8 e4 20. Qe3 Ne5 21. Qa3 1/2-1/2

[Event "4NCL 2016-17"]
[Site "Reading ENG"]
[Date "2017.03.05"]
[Round "8.48"]
[White "Milliet, Sophie"]
[Black "Kalaiyalahan, Akshaya"]
[Result "1-0"]
[WhiteTitle "IM"]
[BlackTitle "FM"]
[WhiteElo "2387"]
[BlackElo "2046"]
[WhiteTeam "Guildford"]
[BlackTeam "Guildford"]
[WhiteFideId "623725"]
[BlackFideId "422894"]
[EventDate "2016.11.19"]

1. e4 c5 2. Nf3 e6 3. d4 cxd4 4. Nxd4 Nc6 5. Nc3 Qc7 6. Qd3 a6 7. Nxc6 bxc6 8.
Qg3 Qxg3 9. hxg3 d5 10. Na4 Rb8 11. exd5 cxd5 12. Bf4 Rb4 13. b3 e5 14. Be3 d4
15. Bd2 Rb8 16. Bd3 Nf6 17. f3 Bd6 18. Kf2 h6 19. Rae1 Bb7 20. g4 Nd5 21. g5 h5
22. Rh4 Ne7 23. g4 f6 24. gxf6 gxf6 25. Reh1 Rg8 26. Rxh5 e4 27. fxe4 Rxg4 28.
Rh8+ Kd7 29. Nb6+ Kc6 30. Nc4 Rxh8 31. Rxh8 Bc7 32. Rh7 Kd7 33. Bb4 Bd8 34. Nd6
Bc6 35. Kf3 Rg8 36. Nf5 Re8 37. Bxa6 1-0

[Event "4NCL 2016-17"]
[Site "Reading ENG"]
[Date "2017.03.05"]
[Round "8.61"]
[White "Wall, Tim P"]
[Black "Hoffmann, Hendrik"]
[Result "1/2-1/2"]
[WhiteTitle "FM"]
[BlackTitle "FM"]
[WhiteElo "2183"]
[BlackElo "2327"]
[WhiteTeam "North East England"]
[BlackTeam "Celtic Tigers"]
[WhiteFideId "401641"]
[BlackFideId "4618130"]
[EventDate "2016.11.19"]

1. d4 g6 2. Bf4 Bg7 3. e3 d6 4. Nf3 Nf6 5. Be2 O-O 6. O-O b6 7. Nc3 Bb7 8. h3
Nbd7 9. Bh2 Ne4 10. Nxe4 Bxe4 11. c3 e6 12. Nd2 Bb7 13. Re1 Bh6 14. Bf3 Bxf3 15.
Qxf3 d5 16. e4 c6 17. Rad1 Nf6 18. e5 Nd7 19. Qg4 Qe7 20. Nf3 c5 21. Bf4 Rfc8
22. h4 cxd4 23. Nxd4 a6 24. g3 b5 25. Kg2 Rab8 26. Qe2 1/2-1/2

[Event "4NCL 2016-17"]
[Site "Reading ENG"]
[Date "2017.04.29"]
[Round "9.67"]
[White "Larter, Nick J."]
[Black "Mayhew, Andrew"]
[Result "0-1"]
[WhiteElo "1806"]
[BlackElo "2213"]
[WhiteTeam "Celtic Tigers"]
[BlackTeam "Anglian Avengers"]
[WhiteFideId "2502240"]
[BlackFideId "405493"]
[EventDate "2016.11.19"]

1. e4 b6 2. c4 Bb7 3. Nc3 e6 4. d4 Bb4 5. f3 f5 6. Bd3 Nh6 7. Ne2 fxe4 8. fxe4
O-O 9. Bf4 Qh4+ 10. g3 Qh3 11. Ng1 Qg2 12. Qc2 Qxh1 13. O-O-O Rxf4 14. gxf4 Nc6
15. d5 Nd4 16. Qf2 Ng4 17. Qg3 h5 18. h3 Qh2 19. Qxh2 Nxh2 20. Nce2 Nhf3 21.
Nxd4 Nxg1 22. Rxg1 Bc5 23. Ne2 Bxg1 24. Nxg1 Rf8 25. Ne2 exd5 26. cxd5 d6 27.
Kd2 Bc8 28. f5 g5 29. Ng3 h4 30. Nf1 Bd7 31. Ne3 Be8 32. Be2 Bf7 33. a3 Rc8 34.
Ba6 Re8 35. Bd3 Bh5 36. Kc3 Bf3 37. Kd4 Kf7 38. b4 Kf6 39. Bc2 Rh8 40. Bd3 g4
41. Bf1 Kg5 42. Kd3 Kf4 43. f6 Rf8 44. hxg4 Bxg4 45. Bg2 h3 46. Bh1 Bf3 47. Bxf3
Kxf3 48. Nf1 Rxf6 49. Kd4 Kg2 50. Ne3+ Kg1 51. e5 Rf4+ 52. Kd3 dxe5 0-1

[Event "4NCL 2016-17"]
[Site "Reading ENG"]
[Date "2017.04.29"]
[Round "9.72"]
[White "Dorrington, Chris J"]
[Black "Cooper, John G"]
[Result "1/2-1/2"]
[BlackTitle "IM"]
[WhiteElo "2334"]
[BlackElo "2278"]
[WhiteTeam "Barbican 4NCL"]
[BlackTeam "South Wales Dragons"]
[WhiteFideId "410462"]
[BlackFideId "1800027"]
[EventDate "2016.11.19"]

1. e4 c5 2. Nc3 e6 3. f4 Nc6 4. Nf3 d5 5. exd5 exd5 6. Bb5 Ne7 7. Qe2 f6 8. d4
Kf7 9. dxc5 Nf5 10. Nxd5 Be6 11. Ne3 Ncd4 12. Nxd4 Nxd4 13. Qd3 Qa5+ 14. Bd2
Qxb5 15. Qxd4 Bxc5 16. Qd3 Qxd3 17. cxd3 Rhe8 18. Rc1 Bb6 19. a3 Bf5 20. d4 Rad8
21. Kd1 Be4 22. d5 Bxd5 23. Nxd5 Rxd5 24. Re1 Be3 25. Rc7+ Kf8 26. Rxe3 Rxe3 27.
Kc1 Re2 28. Bb4+ Kg8 29. Rc8+ Kf7 30. Rc7+ Kg8 31. Rc8+ Kf7 32. Rc7+ Kg8 1/2-1/2

[Event "4NCL 2016-17"]
[Site "Reading ENG"]
[Date "2017.04.30"]
[Round "10.11"]
[White "Howell, David W L"]
[Black "Palliser, Richard J D"]
[Result "1-0"]
[WhiteTitle "GM"]
[BlackTitle "IM"]
[WhiteElo "2655"]
[BlackElo "2421"]
[WhiteTeam "Cheddleton"]
[BlackTeam "White Rose"]
[WhiteFideId "410608"]
[BlackFideId "407372"]
[EventDate "2016.11.19"]

1. Nf3 Nf6 2. c4 g6 3. Nc3 Bg7 4. d4 d6 5. g3 O-O 6. Bg2 c5 7. O-O Nc6 8. dxc5
dxc5 9. Bf4 Nd4 10. Be5 Nc6 11. Bf4 Nd4 12. Nxd4 cxd4 13. Nb5 Ne8 14. Qb3 a6 15.
Na3 e5 16. Bd2 Bg4 17. Rfe1 Rb8 18. Bb4 Nd6 19. c5 Nc8 20. Nc4 Be6 21. Qc2 Ne7
22. Ba5 Qd7 23. Nb6 Qe8 24. e4 dxe3 25. fxe3 h5 26. Bc3 h4 27. gxh4 Nf5 28. h5
Qe7 29. b4 Qg5 30. Qf2 Rbd8 31. e4 Nh4 32. Qg3 Qxg3 33. hxg3 Nxg2 34. Kxg2 Rd3
35. Rac1 Bxa2 36. Nd5 Bxd5 37. exd5 Rxd5 38. hxg6 fxg6 39. Re4 Rd3 40. Rg4 Rff3
41. Be1 Rf6 42. Bc3 Rff3 43. Ba1 Rf6 44. Bxe5 Rd2+ 45. Kh3 Rf5 46. Bd6 Rh5+ 47.
Rh4 Rxh4+ 48. Kxh4 Bf8 49. Bxf8 Kxf8 50. Rc4 Kg7 51. Kg5 Kf7 52. g4 Rd5+ 53. Kh6
g5 54. Kh5 Re5 55. Rc1 Re4 56. Rb1 Kf6 57. b5 a5 58. Rf1+ Ke6 59. Kxg5 Re5+ 60.
Rf5 a4 61. c6 bxc6 62. bxc6 1-0

[Event "4NCL 2016-17"]
[Site "Reading ENG"]
[Date "2017.04.30"]
[Round "10.13"]
[White "Sokolov, Ivan"]
[Black "McNab, Colin A"]
[Result "1-0"]
[WhiteTitle "GM"]
[BlackTitle "GM"]
[WhiteElo "2632"]
[BlackElo "2433"]
[WhiteTeam "Cheddleton"]
[BlackTeam "White Rose"]
[WhiteFideId "14400030"]
[BlackFideId "2400030"]
[EventDate "2016.11.19"]

1. d4 d6 2. e4 g6 3. Nf3 Nf6 4. Bd3 Bg7 5. O-O Nc6 6. d5 Nb4 7. Be2 a5 8. Nc3
O-O 9. Be3 c6 10. h3 Bd7 11. a3 Na6 12. Nd4 Nc7 13. Bf3 c5 14. Nde2 Nfe8 15. a4
b5 16. axb5 Nxb5 17. Na4 e5 18. dxe6 fxe6 19. Nf4 Nd4 20. Bg4 Rb8 21. c3 e5 22.
Nd5 Ne6 23. b4 axb4 24. cxb4 Nd4 25. Bxd7 Qxd7 26. bxc5 Kh8 27. Rc1 dxc5 28.
Nxc5 Qd6 29. Bxd4 exd4 30. Nd3 Nf6 31. Nxf6 Qxf6 32. f4 Qe7 33. e5 Qa3 34. Qe2
Rb3 35. Rcd1 Rc3 36. Qe4 Rd8 37. Rf3 Qb3 38. Re1 Qe6 39. g4 Rc2 40. Rf2 Rxf2 41.
Kxf2 Qe7 42. Ra1 Bf8 43. Ra8 Rxa8 44. Qxa8 Kg7 45. Kg3 Qd7 46. Qe4 Qa7 47. f5
Qa1 48. f6+ Kh8 49. e6 Qg1+ 50. Kh4 Bd6 51. Qa8+ 1-0

[Event "4NCL 2016-17"]
[Site "Reading ENG"]
[Date "2017.04.30"]
[Round "10.14"]
[White "Arakhamia-Grant, Ketevan"]
[Black "Hawkins, Jonathan"]
[Result "0-1"]
[WhiteTitle "GM"]
[BlackTitle "GM"]
[WhiteElo "2368"]
[BlackElo "2590"]
[WhiteTeam "White Rose"]
[BlackTeam "Cheddleton"]
[WhiteFideId "13600168"]
[BlackFideId "412686"]
[EventDate "2016.11.19"]

1. e4 c6 2. d4 d5 3. Nd2 dxe4 4. Nxe4 Nd7 5. Ng5 Ngf6 6. Bd3 e6 7. Qe2 Bd6 8.
N1f3 h6 9. Ne4 Nxe4 10. Qxe4 Nf6 11. Qe2 Qc7 12. Ne5 c5 13. Bb5+ Ke7 14. Bf4 a6
15. Bc4 b5 16. dxc5 Qxc5 17. Bb3 Qb4+ 18. Bd2 Qe4 19. f4 Bb7 20. Qxe4 Bxe4 21.
O-O-O Rhc8 22. Rhe1 a5 23. a4 b4 24. g4 Bxc2 25. Bxc2 b3 26. Bc3 bxc2 27. Rd4
Bc5 28. Rd3 Nd5 29. f5 Bb4 30. Kd2 Rc7 31. fxe6 fxe6 32. Rf3 Rac8 33. Kxc2 Nxc3
34. Ng6+ Kd6 35. bxc3 Bxc3 36. Rd1+ Bd4+ 37. Kd3 e5 38. Ke4 Rc1 39. Rfd3 Rxd1
40. Rxd1 Ke6 41. Nh4 Rc4 42. Nf5 Bb2+ 43. Kf3 e4+ 44. Ke3 Rxa4 45. Rd8 Bc1+ 46.
Ke2 g6 47. Nd4+ Ke5 48. Nc6+ Kf4 49. h3 Kg3 50. Rd6 Kxh3 51. Rxg6 Bg5 52. Ne5
Ra2+ 53. Kf1 e3 0-1

[Event "4NCL 2016-17"]
[Site "Reading ENG"]
[Date "2017.04.30"]
[Round "10.15"]
[White "Fodor, Tamas Jr."]
[Black "Maroroa, Sue"]
[Result "1-0"]
[WhiteTitle "GM"]
[BlackTitle "WIM"]
[WhiteElo "2493"]
[BlackElo "2128"]
[WhiteTeam "Cheddleton"]
[BlackTeam "White Rose"]
[WhiteFideId "723762"]
[BlackFideId "4301498"]
[EventDate "2016.11.19"]

1. d4 Nf6 2. c4 g6 3. Nc3 Bg7 4. e4 d6 5. Nf3 O-O 6. Be2 Nbd7 7. O-O e5 8. Be3
Qe7 9. dxe5 dxe5 10. Nd5 Qd8 11. Qc2 Nh5 12. Rfd1 c6 13. Nc3 Qe7 14. g3 Nc5 15.
b4 Ne6 16. c5 Rd8 17. Rxd8+ Qxd8 18. Rd1 Qe7 19. Na4 Nc7 20. Nd2 Be6 21. Nc4
Bxc4 22. Qxc4 Rd8 23. Nb2 Nf6 24. a4 Rxd1+ 25. Bxd1 Qe6 26. f3 Kf8 27. Bb3 Qd7
28. Qc3 Nfe8 29. Nc4 Ne6 30. Kg2 Nd4 31. Qd3 Ke7 32. Ba2 Kd8 33. Bh6 f6 34. Be3
Bf8 35. f4 Bg7 36. Na5 Kc8 37. Bg8 Bh6 38. Bxd4 exd4 39. Nb3 Bf8 40. Qxd4 h6 41.
Qc4 Nc7 42. Nd4 Kb8 43. Bf7 g5 44. f5 Qe7 45. Nb3 Qd7 46. Bh5 Kc8 47. Be2 Qe7
48. Kh3 Qe8 49. b5 h5 50. b6 axb6 51. cxb6 Na6 52. Qg8 Kd8 53. Bxa6 bxa6 54. Nd4
Kd7 55. Qe6+ Qxe6 56. fxe6+ 1-0

[Event "4NCL 2016-17"]
[Site "Reading ENG"]
[Date "2017.04.30"]
[Round "10.16"]
[White "Gourlay, Iain"]
[Black "Williams, Simon K"]
[Result "1-0"]
[WhiteTitle "FM"]
[BlackTitle "GM"]
[WhiteElo "2385"]
[BlackElo "2444"]
[WhiteTeam "White Rose"]
[BlackTeam "Cheddleton"]
[WhiteFideId "2401533"]
[BlackFideId "404454"]
[EventDate "2016.11.19"]

1. c4 e5 2. g3 h5 3. Bg2 h4 4. d4 exd4 5. Qxd4 Nc6 6. Qe4+ Be7 7. Bg5 h3 8. Nxh3
Nb4 9. Bxe7 Nxe7 10. c5 a5 11. Ng5 d5 12. cxd6 cxd6 13. Na3 Ra6 14. O-O d5 15.
Qf4 Rf6 16. Qd2 Rfh6 17. h4 f6 18. Nf3 Bg4 19. Nc2 Nxc2 20. Qxc2 g5 21. hxg5
fxg5 22. Nxg5 Nc6 23. Qd2 Rh5 24. Qe3+ Qe7 25. Qxe7+ Kxe7 26. Nf3 Bf5 27. Rfd1
Be4 28. Nh4 Rg5 29. Nf3 Rgh5 30. Nh4 Rg5 31. Bxe4 dxe4 32. Kf1 Ke6 33. e3 Rb5
34. b3 Rb4 35. Ng6 Rh6 36. Nf4+ Kf5 37. Rd5+ Ne5 38. Kg2 Rh7 39. g4+ Kf6 40. g5+
Kf5 41. g6 Rh4 42. Rg1 Rb6 43. g7 1-0

[Event "4NCL 2016-17"]
[Site "Reading ENG"]
[Date "2017.04.30"]
[Round "10.17"]
[White "Kirk, Ezra"]
[Black "Gantner, Matthias"]
[Result "0-1"]
[WhiteTitle "FM"]
[BlackTitle "FM"]
[WhiteElo "2345"]
[BlackElo "2287"]
[WhiteTeam "Cheddleton"]
[BlackTeam "White Rose"]
[WhiteFideId "600067"]
[BlackFideId "1310534"]
[EventDate "2016.11.19"]

1. d4 d5 2. c4 c6 3. Nf3 Nf6 4. e3 Bg4 5. h3 Bh5 6. Nc3 e6 7. g4 Bg6 8. Ne5 Nfd7
9. Nxg6 hxg6 10. Bg2 dxc4 11. O-O Qb6 12. Qe2 Qa6 13. a4 Be7 14. f4 Nf6 15. e4
Nbd7 16. Be3 Rc8 17. g5 Nh5 18. Qg4 Qb6 19. Rf2 O-O 20. a5 Qd8 21. f5 Kh7 22.
Bf3 exf5 23. exf5 Bd6 24. Ne4 Qc7 25. Rg2 Bf4 26. Bf2 b5 27. axb6 Nxb6 28. f6
Nd5 29. Re1 Rb8 30. Nc3 Bd2 31. Nxd5 cxd5 32. Re7 Qf4 33. Bxd5 Rxb2 34. Bxc4
Rb1+ 35. Bf1 gxf6 36. gxf6 Qxf6 37. Re2 Bh6 38. Re1 Rxe1 39. Bxe1 Nf4 40. Rf2
Qxd4 41. Bd2 f5 42. Qf3 Nd5 43. Bxh6 Kxh6 44. h4 Nf6 45. Qf4+ Qxf4 46. Rxf4 Re8
47. Ra4 Re4 48. Rxa7 Rxh4 0-1

[Event "4NCL 2016-17"]
[Site "Reading ENG"]
[Date "2017.04.30"]
[Round "10.18"]
[White "Webb, Matthew D"]
[Black "Steil-Antoni, Fiona"]
[Result "1-0"]
[BlackTitle "WIM"]
[WhiteElo "2225"]
[BlackElo "2141"]
[WhiteTeam "White Rose"]
[BlackTeam "Cheddleton"]
[WhiteFideId "418250"]
[BlackFideId "4001249"]
[EventDate "2016.11.19"]

1. c4 e5 2. g3 Nc6 3. Bg2 f5 4. Nc3 Nf6 5. e3 g6 6. d4 e4 7. f3 exf3 8. Nxf3 d6
9. O-O Bg7 10. d5 Ne5 11. Nxe5 dxe5 12. e4 O-O 13. Be3 Ng4 14. Bc5 Rf7 15. exf5
gxf5 16. h3 b6 17. hxg4 bxc5 18. gxf5 Bxf5 19. Be4 Qg5 20. Qd3 Raf8 21. Bxf5
Rxf5 22. Rxf5 Rxf5 23. Ne4 Qg4 24. Kg2 Bf8 25. Rf1 Rxf1 26. Kxf1 Qh3+ 27. Kg1
Be7 28. Nf2 Qh5 29. Kg2 Qg5 30. Qf3 h5 31. Ne4 Qg6 32. Kf2 Kg7 33. Ke2 Qa6 34.
Qc3 Bf6 35. a3 Qb6 36. b3 a5 37. Qf3 Be7 38. Qxh5 Qxb3 39. Qxe5+ Kf7 40. Qh5+
Kg7 41. Qg4+ Kh8 42. Nd2 Qb8 43. Qg6 Bf8 44. g4 Qb2 45. Qh5+ Kg8 46. Qg5+ Kf7
47. Qf5+ Ke7 48. Qf4 Qb6 49. Qg5+ Kf7 50. Qh5+ Kg8 51. g5 Bg7 52. Qe8+ Kh7 53.
Qe4+ Kh8 54. Qe6 Qb8 55. Kf3 Qf8+ 56. Kg4 Qf2 57. Qc8+ Bf8 58. Nf3 Kg8 59. Qxc7
Qg2+ 60. Kf4 Qe2 61. g6 Bh6+ 62. Kg3 1-0

[Event "4NCL 2016-17"]
[Site "Reading ENG"]
[Date "2017.04.30"]
[Round "10.21"]
[White "Ashton, Adam G"]
[Black "Sadler, Matthew D"]
[Result "0-1"]
[WhiteTitle "FM"]
[BlackTitle "GM"]
[WhiteElo "2378"]
[BlackElo "2670"]
[WhiteTeam "3C's"]
[BlackTeam "Guildford"]
[WhiteFideId "410110"]
[BlackFideId "400173"]
[EventDate "2016.11.19"]

1. e4 e6 2. d4 d5 3. Nd2 Be7 4. Ngf3 Nf6 5. Bd3 c5 6. c3 cxd4 7. cxd4 dxe4 8.
Nxe4 Nc6 9. O-O O-O 10. Be3 Nd5 11. a3 b6 12. Rc1 Bb7 13. Bb1 Rc8 14. Qd3 f5 15.
Nc3 Bf6 16. Rfd1 Nce7 17. Bd2 Ng6 18. Ne2 Qd6 19. Ba2 h6 20. Re1 Kh8 21. Bxd5
Qxd5 22. Rxc8 Rxc8 23. Nf4 Nxf4 24. Bxf4 Kg8 25. h3 g5 26. Be5 Be7 27. Qe3 a5
28. Rc1 Rc6 29. Rxc6 Qxc6 30. Qe2 Kf8 31. Ne1 Ke8 32. f3 Qa4 33. Nc2 Qb3 34. Ne3
Kd7 35. Kh2 Bc6 36. Qd2 h5 37. Qe2 Bb5 38. Qd2 Bc6 39. Qe2 Bb5 40. Qd2 Qd3 41.
Qc1 Bd8 42. Nd1 h4 43. Nc3 Bc6 44. Qe1 Be7 45. Qf2 Bd8 46. Kg1 Bb7 47. Kh2 Ba6
48. Kg1 Bc4 49. Kh2 Kc6 50. Qe1 Kb7 51. Qc1 b5 52. Kg1 Bb3 53. Kf2 b4 54. axb4
axb4 55. Ne2 Bc4 56. Qe3 Qc2 0-1

[Event "4NCL 2016-17"]
[Site "Reading ENG"]
[Date "2017.04.30"]
[Round "10.26"]
[White "Pert, Nicholas"]
[Black "Congiu, Mathilde"]
[Result "1-0"]
[WhiteTitle "GM"]
[BlackTitle "WIM"]
[WhiteElo "2566"]
[BlackElo "2208"]
[WhiteTeam "Guildford"]
[BlackTeam "3C's"]
[WhiteFideId "403989"]
[BlackFideId "634581"]
[EventDate "2016.11.19"]

1. d4 Nf6 2. Nf3 g6 3. g3 c5 4. c4 cxd4 5. Nxd4 d5 6. Bg2 e5 7. Nb3 d4 8. f4 Bg7
9. fxe5 Ng4 10. Qxd4 Nc6 11. Qxd8+ Nxd8 12. Nc3 O-O 13. Nd5 Bxe5 14. Bf4 Bxb2
15. Rb1 Be5 16. h3 Bxf4 17. gxf4 Nh6 18. Nc5 Be6 19. Kf2 Nf5 20. Nxb7 Kg7 21.
Rhc1 Rc8 22. c5 Nc6 23. e4 Nfd4 24. Ke3 Rb8 25. Nd6 Nc2+ 26. Kd2 N2d4 27. Kd3
Bd7 28. e5 Rfd8 29. Ke3 Nc2+ 30. Kf2 N2d4 31. Nf6 Be6 32. Bd5 Bxd5 33. Nxd5 Ne6
34. Ke3 Ned4 35. Ke4 Ne2 36. Rd1 Rxb1 37. Rxb1 Rd7 38. Rd1 Rd8 39. Rb1 Rd7 40.
Rb2 Ned4 41. Nf6 Rd8 42. Rb7 Rf8 43. Rc7 a5 44. Kd5 a4 45. Nde8+ Kh6 46. Rxc6 1-0

[Event "4NCL 2016-17"]
[Site "Reading ENG"]
[Date "2017.04.30"]
[Round "10.31"]
[White "Turner, Matthew J"]
[Black "Roberson, Peter T"]
[Result "1-0"]
[WhiteTitle "GM"]
[BlackTitle "IM"]
[WhiteElo "2522"]
[BlackElo "2388"]
[WhiteTeam "Barbican 4NCL"]
[BlackTeam "Grantham Sharks"]
[WhiteFideId "402893"]
[BlackFideId "412384"]
[EventDate "2016.11.19"]

1. d4 e6 2. Nf3 c5 3. g3 cxd4 4. Nxd4 d5 5. Bg2 Nf6 6. O-O e5 7. Nb3 Be6 8. Bg5
Nbd7 9. e4 dxe4 10. Nc3 Be7 11. Nxe4 Nxe4 12. Bxe7 Qxe7 13. Bxe4 Nf6 14. Bg2 O-O
15. Re1 Qc7 16. Qe2 Nd7 17. c3 Rad8 18. Rad1 b6 19. Bd5 Rfe8 20. Bxe6 Rxe6 21.
Qd3 Ree8 22. Qb5 h6 23. Rd5 e4 24. Red1 Nf6 25. Rxd8 Rxd8 26. Rxd8+ Qxd8 27. Nd4
g6 28. Qe5 Kg7 29. h3 Qd5 30. Qxd5 Nxd5 31. Nc6 a5 32. Kf1 f5 33. a3 Kf6 34. c4
Nc7 35. c5 bxc5 36. Nxa5 Ke5 37. b4 cxb4 38. Nc6+ Kd6 39. Nxb4 g5 40. Ke2 Nb5
41. Nc2 f4 42. Kd2 e3+ 43. fxe3 fxg3 44. Ke2 h5 45. Kf3 h4 46. a4 Nc7 47. Ne1
Kd5 48. a5 Na6 49. Kg4 Ke4 50. Ng2 Nc5 51. Kxg5 Kf3 52. Nxh4+ Kxe3 53. Nf5+ Kf3
54. Nxg3 Kxg3 55. h4 Kf3 56. Kf5 Ke3 57. h5 Kd4 58. h6 1-0

[Event "4NCL 2016-17"]
[Site "Reading ENG"]
[Date "2017.04.30"]
[Round "10.34"]
[White "Foisor, Mihaela-Veronica"]
[Black "Taylor, Martin R"]
[Result "1/2-1/2"]
[WhiteTitle "WIM"]
[BlackTitle "FM"]
[WhiteElo "2249"]
[BlackElo "2320"]
[WhiteTeam "Grantham Sharks"]
[BlackTeam "Barbican 4NCL"]
[WhiteFideId "2270757"]
[BlackFideId "407836"]
[EventDate "2016.11.19"]

1. c4 e5 2. Nc3 Nc6 3. g3 g6 4. Bg2 Bg7 5. e4 d6 6. d3 Nd4 7. Nge2 Ne7 8. O-O
O-O 9. Be3 c6 10. Qd2 f5 11. f4 Be6 12. Rae1 Qd7 13. Kh1 Rae8 14. b4 a6 15. a4
Nxe2 16. Rxe2 fxe4 17. Nxe4 Nf5 18. fxe5 Nxe3 19. Rxf8+ Rxf8 20. Qxe3 Bxe5 21.
Re1 Bh3 1/2-1/2

[Event "4NCL 2016-17"]
[Site "Reading ENG"]
[Date "2017.04.30"]
[Round "10.35"]
[White "Sowray, Peter J"]
[Black "Tavares, Shawn P"]
[Result "0-1"]
[WhiteTitle "FM"]
[WhiteElo "2310"]
[BlackElo "2143"]
[WhiteTeam "Barbican 4NCL"]
[BlackTeam "Grantham Sharks"]
[WhiteFideId "400971"]
[BlackFideId "7700016"]
[EventDate "2016.11.19"]

1. Nf3 Nf6 2. c4 c5 3. Nc3 b6 4. d4 cxd4 5. Nxd4 Bb7 6. f3 d6 7. e4 Nbd7 8. Be2
g6 9. O-O Bg7 10. Be3 O-O 11. Qd2 Re8 12. Rfd1 a6 13. Rac1 Rc8 14. Bf1 Ne5 15.
b3 e6 16. Nde2 Bf8 17. Kh1 Qc7 18. Nf4 Ned7 19. Qf2 Qb8 20. Qb2 Bg7 21. Qb1 g5
22. Nfe2 h6 23. Qd3 Bf8 24. Ng3 Bc6 25. Qd2 Rcd8 26. Nce2 Qa8 27. Nd4 Bb7 28.
Bd3 Bg7 29. Bb1 Ne5 30. Qf2 Qb8 31. Nf1 Ng6 32. a4 Ne5 33. Ne2 b5 34. axb5 axb5
35. cxb5 d5 36. exd5 Bxd5 37. Nd4 Qb7 38. Nd2 Neg4 39. Qe2 Nxe3 40. Qxe3 Ng4 41.
Qe2 Bxd4 42. fxg4 Bg7 43. Ne4 Bxb3 44. Rf1 Qe7 45. b6 Rc8 46. Qb5 Bd5 47. Nc5
Bc6 48. Qd3 Bxg2+ 49. Kxg2 Rxc5 50. Qh7+ Kf8 51. Rxf7+ Qxf7 52. Rxc5 Rd8 53. Qc2
Qf4 54. Rc8 Qxg4+ 55. Kf1 Qf3+ 56. Ke1 Qh1+ 57. Ke2 Qxh2+ 58. Kf3 Qh3+ 59. Ke2
Qg2+ 60. Ke1 Qg1+ 61. Ke2 Qxb6 62. Rxd8+ Qxd8 63. Qe4 Qd5 64. Qb4+ Kf7 65. Be4
Qd4 66. Qb7+ Kf6 67. Bd3 g4 68. Qh1 Qb2+ 69. Ke3 Kg5 70. Qd1 Be5 71. Qf1 Qd4+
72. Ke2 Bf4 73. Qd1 Qe3+ 74. Kf1 Qh3+ 75. Kf2 Be3+ 0-1